LEADER 01463nam a2200289 i 4500 001 000000167254 003 CaOOAMICUS 005 20071127000000.0 008 071127s1966 it u000 u ita u 013 $a144627 040 $aSeMil$bita 100 1 $aDuchesne-Guillemin, Jacques,$d<1910-2012>.$0(OLS)http://semarc/name/32089 245 12$aI Magi di Betlemme nelle tradizioni occidentali /$cJacques Duchesne-Guillemin. 260 $aMilano :$bVita e Pensiero,$c1966. 300 $a30, 6 p. di tav. :$bill. ;$c20 cm. 490 0 $aLe conferenze dell'Università Cattolica : programma scientifico-culturale per studenti di tutte le facoltà ;$v. Sez. storica 490 0 $aLe conferenze dell'Università Cattolica. Sez. storica 500 $aFondo Card. Giovanni Colombo. 650 4$aRe Magi.$0(OLS)http://semarc/subject/8591 830 3$aLe conferenze dell'Università Cattolica : programma scientifico-culturale per studenti di tutte le facoltà ;$v. Sez. storica.$0(OLS)http://semarc/title/24790 830 3$aLe conferenze dell'Università Cattolica. Sez. storica.$0(OLS)http://semarc/title/24793 850 $aSeMil 852 $aSeMil$W1$xVenegono$y1$m5D VII 16/4$j118406$B118406$CSeMilBibl$Z2$F129815 $81 941 1 $a3 961 $aLascito: Colombo Card. Giovanni 996 $6245$aI Magi di Betlemme nelle tradizioni occidentali$9(OLS)http://semarc/title/239214 996 $6260$aMilano :$bVita e Pensiero$9(OLS)http://semarc/publisher/29642 LEADER 01220nam a2200265 i 4500 001 000000176303 003 CaOOAMICUS 005 20081202000000.0 008 081202s1979 fr u000 u fre u 013 $a153792 040 $aSeMil$bita 100 1 $aDe Vries, Piet Penning.$0(OLS)http://semarc/name/65648 245 10$aDiscernement des esprits :$bIgnace de Loyla /$cPiet Penning De Vries ; préface d' Albert Chapelle ; traduit du néerlandais par Jacques Rouwez. 260 $aParis :$bBeauchesne,$ccopyr. 1979. 300 $a216 p. ;$c22 cm. 500 $aDono di don Romano Martinelli. 600 04$aIgnazio : di Loyola .$0(OLS)http://semarc/subject/467 650 4$aDiscernimento spirituale.$0(OLS)http://semarc/subject/1384 700 1 $aRouwez, Jacques.$0(OLS)http://semarc/name/65649 700 1 $aChapelle, Albert .$0(OLS)http://semarc/name/90328 850 $aSeMil 852 $aSeMil$W1$xVenegono$y1$m3G V 120$j127125$B127125$CSeMilBibl$Z2$F138102 $81 961 $aOmaggio: Martinelli don Romano 996 $6245$aDiscernement des esprits :$bIgnace de Loyla$9(OLS)http://semarc/title/253003 996 $6260$aParis :$bBeauchesne$9(OLS)http://semarc/publisher/29638 LEADER 00935nim a2200217 4500 001 000000342694 003 CaOOAMICUS 005 20251002152626.0 008 201026s it uuuu u ita r 040 $aSeMil$bita 245 03$aLa scuola della Parola del card. Carlo Maria Martini. 264 1$a[S.l. :$bs.n.],$c1987. 300 $a1 CD 650 4$aBibbia - Scuola della parola.$0(OLS)http://semarc/subject/40804 650 4$aMartini, Carlo Maria - Predicazione.$0(OLS)http://semarc/subject/15374 710 2 $aSeminario Arcivescovile di Milano.$0(OLS)http://semarc/name/1064 850 $aSeMil 852 $aSeMil$W1$xVenegono$y1$mMM A 76$j224492$B235568$CSeMilBibl$Z2$F235568 $8I 996 $6245$aLa scuola della Parola del card. Carlo Maria Martini$9(OLS)http://semarc/title/380011 996 $6264$a[S.l. :$bs.n.]$9(OLS)http://semarc/publisher/29751